Largest Islands in the Atlantic - Statistics

General Stats
  • This quiz has been taken 119 times
  • The average score is 8 of 15
Answer Stats
Area (Sq Mi) Answer Area (Sq Km) % Correct
823,000 Greenland 2,131,000
97%
39,000 Iceland 102,000
95%
33,000 Ireland 84,000
94%
41,000 Cuba 106,000
87%
81,000 Great Britain 209,000
84%
29,000 Hispaniola 74,000
73%
4,000 Jamaica 11,000
72%
227,000 Baffin Island 507,000
68%
42,000 Newfoundland 109,000
57%
9,000 Sardinia 24,000
38%
10,000 Sicily 26,000
37%
18,000 Tierra del Fuego 47,000
13%
21,000 Devon Island 55,000
6%
15,000 Marajó 40,000
6%
16,000 Southampton Island 41,000
4%
No matching quizzes found
Score Distribution
Percent of People with Each Score
Percentile by Number Answered
Your Score History
You have not taken this quiz